三國志14 都市・関所 - Statistics

General Stats
  • This quiz has been taken 4 times
  • The average score is 25 of 56
Answer Stats
所属地域・都市 Answer % Correct
司隷 洛陽
100%
徐州 広陵
75%
京兆 長安
75%
豫州 許昌
75%
荊北 江夏
75%
荊北 江陵
75%
荊南 武陵
75%
益州 成都
75%
洛陽 虎牢関
75%
洛陽 函谷関
75%
并州 晋陽
50%
冀州
50%
青州 平原
50%
徐州 下邳
50%
京兆
50%
京兆 上庸
50%
豫州 汝南
50%
淮南 寿春
50%
揚州 建業
50%
揚州
50%
揚州 柴桑
50%
荊北 新野
50%
荊北 襄陽
50%
荊南 長沙
50%
荊南 桂陽
50%
荊南 零陵
50%
益州 漢中
50%
益州 梓潼
50%
益州 江州
50%
長安 潼関
50%
漢中 陽平関
50%
幽州 襄平
25%
幽州 北平
25%
幽州
25%
冀州 南皮
25%
青州 北海
25%
徐州 小沛
25%
兗州 濮陽
25%
兗州 陳留
25%
涼州 天水
25%
涼州 安定
25%
涼州 武威
25%
淮南 廬江
25%
揚州 会稽
25%
揚州 建安
25%
交州 南海
25%
交州 交阯
25%
益州 永安
25%
南中 建寧
25%
南中 雲南
25%
晋陽 壺関
25%
武関
25%
梓潼 白水関
25%
梓潼 剣閣
25%
梓潼 涪水関
25%
成都 綿竹関
25%
No matching quizzes found
Score Distribution
Percent of People with Each Score
Percentile by Number Answered
Your Score History
You have not taken this quiz